000 00455 a2200169 4500
020 _a9781587142550
082 _a005.8076
090 _c7292
_d7292
100 _aBurns, David
110 _aAdesina, Odunayo
245 _aCCNP Security IPS 642-627 official cert guide
_cDavid Burns
260 _aUSA
_bCisco Press
_c2012
300 _a636 p.
650 _aTelecommunications engineers--Certification
700 _aDavid Burns
942 _cBK
_k005.8076 BUR
999 _c11095
_d11095